Pisanie QUERTY - Statystyki

Ogólne statystyki
  • Ten quiz został rozwiązany 49 razy
  • Średni wynik to 21 z 26
Statystyki odpowiedzi
# Odpowiedź % Poprawnych
;( E
96%
;) Q
96%
. T
93%
. U
93%
. I
89%
:( R
89%
:) W
89%
. Y
89%
. A
85%
. D
81%
. M
81%
. N
81%
. S
81%
. B
78%
. C
78%
. O
78%
. P
78%
. Z
78%
. F
74%
. G
74%
. H
74%
. J
74%
. K
74%
. L
74%
. V
74%
. X
74%
Nie znaleziono quizów pasujących do podanych kryteriów
Rozkład punktacji
Procent ludzi z każdym wynikiem
Percentyl według liczby udzielonych odpowiedzi
Twoja historia wyników
Nie rozwiązałeś tego quizu